<?xml version="1.0" encoding="UTF-8"?><?xml-stylesheet type="text/xsl" href="static/style.xsl"?><OAI-PMH xmlns="http://www.openarchives.org/OAI/2.0/" xmlns:xsi="http://www.w3.org/2001/XMLSchema-instance" xsi:schemaLocation="http://www.openarchives.org/OAI/2.0/ http://www.openarchives.org/OAI/2.0/OAI-PMH.xsd"><responseDate>2026-04-17T07:45:51Z</responseDate><request verb="GetRecord" identifier="oai:www.recercat.cat:2445/198890" metadataPrefix="marc">https://recercat.cat/oai/request</request><GetRecord><record><header><identifier>oai:recercat.cat:2445/198890</identifier><datestamp>2025-12-05T14:59:23Z</datestamp><setSpec>com_2072_1057</setSpec><setSpec>col_2072_478917</setSpec><setSpec>col_2072_478937</setSpec></header><metadata><record xmlns="http://www.loc.gov/MARC21/slim" xmlns:dcterms="http://purl.org/dc/terms/" xmlns:xsi="http://www.w3.org/2001/XMLSchema-instance" xmlns:doc="http://www.lyncode.com/xoai" xsi:schemaLocation="http://www.loc.gov/MARC21/slim http://www.loc.gov/standards/marcxml/schema/MARC21slim.xsd">
   <leader>00925njm 22002777a 4500</leader>
   <datafield ind2=" " ind1=" " tag="042">
      <subfield code="a">dc</subfield>
   </datafield>
   <datafield ind2=" " ind1=" " tag="720">
      <subfield code="a">Novella Cámara, Ana M. (Ana María)</subfield>
      <subfield code="e">author</subfield>
   </datafield>
   <datafield ind2=" " ind1=" " tag="260">
      <subfield code="c">2023-06-06T16:50:09Z</subfield>
   </datafield>
   <datafield ind2=" " ind1=" " tag="260">
      <subfield code="c">2023-06-06T16:50:09Z</subfield>
   </datafield>
   <datafield ind2=" " ind1=" " tag="260">
      <subfield code="c">2022-12-29</subfield>
   </datafield>
   <datafield ind2=" " ind1=" " tag="260">
      <subfield code="c">2023-06-06T16:50:09Z</subfield>
   </datafield>
   <datafield ind2=" " ind1=" " tag="520">
      <subfield code="a">El aprendizaje-servicio (ApS) es una de las prácticas que favorecen la formación de una ciudadanía activa y comprometida. La participación se manifiesta en el ApS con su carácter multidimensional como principio educativo, procedimiento metodológico, proceso de cambio, contenido formativo, valor democrático, ejercicio político y elemento emocional. El artículo reflexiona alrededor de los factores multiplicadores de la participación que se pueden accionar en las prácticas de aprendizaje-servicio, amplificando su potencial formativo y favorecedor de la construcción de una ciudadanía activa. Estos factores sitúan a chicos y chicas como agentes activos en la toma de decisión de implicarse en el servicio, de su diseño y planificación, del liderazgo de la participación, del desarrollo de la acción colaborativa, y de la reflexión desde la acción, en la acción y para la acción. Por último, los factores multiplicadores favorecen la construcción de la representación del 'nosotros ciudadanos' implicados y capaces de contribuir en la transformación de nuestro entorno.</subfield>
   </datafield>
   <datafield tag="653" ind2=" " ind1=" ">
      <subfield code="a">Aprenentatge servei</subfield>
   </datafield>
   <datafield tag="653" ind2=" " ind1=" ">
      <subfield code="a">Participació ciutadana</subfield>
   </datafield>
   <datafield tag="653" ind2=" " ind1=" ">
      <subfield code="a">Service learning</subfield>
   </datafield>
   <datafield tag="653" ind2=" " ind1=" ">
      <subfield code="a">Citizen participation</subfield>
   </datafield>
   <datafield ind2="0" ind1="0" tag="245">
      <subfield code="a">La participación, factor multiplicador en las prácticas de aprendizaje-servicio</subfield>
   </datafield>
   <datafield ind2="0" ind1="0" tag="245">
      <subfield code="a">La participació, factor multiplicador en les pràctiques d’aprenentatge servei</subfield>
   </datafield>
   <datafield ind2="0" ind1="0" tag="245">
      <subfield code="a">Participation, a multiplying factor in Service-Learning practices</subfield>
   </datafield>
</record></metadata></record></GetRecord></OAI-PMH>